Bristol (Record no. 79137)

MARC details
000 -LEADER
fixed length control field 00933cab a22001935a 4500
001 - CONTROL NUMBER
control field L139937
008 - FIXED-LENGTH DATA ELEMENTS--GENERAL INFORMATION
fixed length control field 070821s2007 xxkd f s 000 0 eng d
035 ## - SYSTEM CONTROL NUMBER
System control number (Sirsi) u139937
041 0# - LANGUAGE CODE
Language code of text/sound track or separate title eng
100 1# - MAIN ENTRY--PERSONAL NAME
Personal name Hall, Matthew
245 00 - TITLE STATEMENT
Title Bristol
Remainder of title the difference half a year can make
260 ## - PUBLICATION, DISTRIBUTION, ETC.
Date of publication, distribution, etc. 2007
490 #0 - SERIES STATEMENT
Series statement Property Forecast
Volume/sequential designation July 2007, 10-11(2)
520 ## - SUMMARY, ETC.
Summary, etc. Reports on investment in the Bristol office market. Notes that Bristol continues to be one of the regional centres achieving the highest levels of office rental growth, although the strength of the London office investment market means that regional centres like Bristol suffer a lack of overseas interest. Graphs show Bristol City centre prime rents, office yield outlook, and average prime office yields versus five year swap rates.
590 ## - LOCAL NOTE (RLIN)
Local note KA
651 #4 - SUBJECT ADDED ENTRY--GEOGRAPHIC NAME
Geographic name Bristol
690 ## - LOCAL SUBJECT ADDED ENTRY--TOPICAL TERM (OCLC, RLIN)
Topical term or geographic name as entry element PROPERTY-COMMERCIAL PROPERTY-COMMERCIAL PROPERTY MARKET
942 ## - ADDED ENTRY ELEMENTS (KOHA)
Suppress in OPAC 0
Holdings
Withdrawn status Lost status Source of classification or shelving scheme Damaged status Not for loan Home library Current library Shelving location Date acquired Total Checkouts Full call number Barcode Date last seen Copy number Price effective from Koha item type
    Dewey Decimal Classification     London London Journal article 21/08/2007   L139937 139937-1001 06/08/2019 1 06/08/2019 Journal article